La Cuestión de la tercera fuerza

En este artículo se señala el descontento de la sociedad con la política y la poca participación ciudadana que hay en El Salvador. Aquí se consideran algunas de las causas del fracaso de la participación ciudadana en la política. Se comenta la propuesta de Ignacio Ellacuría llamada "la tercera...

Descripció completa

Guardat en:
Dades bibliogràfiques
Format: Text
Matèries:
Etiquetes: Afegir etiqueta
Sense etiquetes, Sigues el primer a etiquetar aquest registre!

MARC

LEADER 00000 a a2200000 04500
001 6310
003
040
245 |a La Cuestión de la tercera fuerza  
520 |a En este artículo se señala el descontento de la sociedad con la política y la poca participación ciudadana que hay en El Salvador. Aquí se consideran algunas de las causas del fracaso de la participación ciudadana en la política. Se comenta la propuesta de Ignacio Ellacuría llamada "la tercera fuerza", en primer lugar se describen los factores a los que Ellacuría pretendía responder con su propuesta, en segundo plano se señalan las características principales de lo que sería la tercer fuerza y finalmente se ofrece un análisis de la validez de la porpuesta de Ellacuría para el momento actual./MSD  
650 |a SOCIEDAD CIVIL  
650 |a PARTICIPACION POLITICA  
773 |g volumen 20, número 879; páginas 10-14  
999 |c 28885  |d 28885